| 000 | 00508nam a2200181 4500 | ||
|---|---|---|---|
| 001 | 117634 | ||
| 003 | ES-MaACL | ||
| 005 | 20230906190936.0 | ||
| 007 | t| | ||
| 008 | 070214s1967 it r ||||1| spa d | ||
| 100 | 1 |
_aPaoli, Roberto. _988846 |
|
| 245 | 1 | 3 |
_aLa poesía de Unamuno / _cRoberto Paoli. |
| 260 |
_aFirenze : _bVallecchi, _c1967. |
||
| 300 |
_a112 p. ; _c22 cm. |
||
| 600 | 1 | 4 |
_aUnamuno, Miguel de, _d1864-1936- _xPoesía _9111989 |
| 852 |
_aES-MaACL _jC-38890 |
||
| 999 |
_c117634 _d117634 |
||